| 000 | 01217nam0a2200313 4500 | ||
|---|---|---|---|
| 001 | RU\NLR\bibl\577773 | ||
| 005 | 20250610134757.0 | ||
| 010 |
_a5-88503-150-9 _95000 |
||
| 021 |
_aRU _b2004-62183 _93058 |
||
| 035 | _a(NLR Aleph) 000569796 | ||
| 090 |
_a1585235 _c1585235 |
||
| 100 | _a20041125d2004 |||y0rusy50 ca | ||
| 101 | 1 |
_arus _ceng |
|
| 102 | _aRU | ||
| 105 | _ay ||||||||| | ||
| 200 | 1 |
_aБольшая игра _e10 стратегий достижения успеха в жизни _fСкотт Макмиллан _g[Пер. с англ. Е. Гребешковой] |
|
| 210 |
_aМ. _aСПб. _cДиля _d2004 |
||
| 215 |
_a206,[1] с. _d24 |
||
| 300 | _aПер. изд.: The big game/Scott MacMillan.- St. Paul, 2003 | ||
| 320 | _aБиблиогр. в конце разделов | ||
| 454 | 0 |
_12001#$aThe big game$zeng _1700#1$aMacMillan$bS.$gScott$4070 _1210##$aSt. Paul$d2003 _tThe big game _aMacMillan, Scott |
|
| 606 | 0 |
_aЛичность _xСаморазвитие _91532924 _3RU\NLR\auth\66667698 |
|
| 686 | _aЮ937.2 | ||
| 700 | 1 |
_aМакмиллан _bС. _gСкотт _4070 |
|
| 801 | 0 |
_aRU _bNLR _c20041125 _gPSBO |
|
| 801 | 1 |
_aRU _bNLR _c20041125 |
|
| 942 | _cBOOK | ||
| 980 | _aNB | ||